000 00746nam a22002297a 4500
003 UA-OsUOA
001 74686
007 ta
008 20110414b un ||||| |||| 00| 0 ukr d
100 _aЛанченко Є.О.
700 _aТкачук В.А.
090 _a330(477)
_bЛ22
942 _cSA
040 _aUA-OsUOA
_bukr
_cUA-OsUOA
_dUA-OsUOA
245 _aОцінка розвитку сільських територій як критерій ефективності праці персоналу органів управління
300 _aС.119-124
955 _a0
041 _aukr
080 _a330(477)
773 0 _w74677
_tЕкономіка АПК
_dК.
_d2011
_g4
650 7 _a330 Економіка взагалі
_2UDC
999 _c360957
_d360957